<?xml version="1.0" encoding="UTF-8"?>
<marc:record xmlns:marc="http://www.loc.gov/MARC21/slim">
   <marc:leader>00000nam a2200000 a 4500</marc:leader>
   <marc:datafield ind1="1" ind2=" " tag="100">
      <marc:subfield code="a">Brown, Sandra</marc:subfield>
      <marc:subfield code="4">aut</marc:subfield>
      <marc:subfield code="e">Verfasser/-in</marc:subfield>
   </marc:datafield>
   <marc:datafield ind1="0" ind2="0" tag="245">
      <marc:subfield code="a">Blinder Stolz</marc:subfield>
   </marc:datafield>
   <marc:datafield ind1="0" ind2="0" tag="245">
      <marc:subfield code="b">Thriller</marc:subfield>
   </marc:datafield>
   <marc:datafield ind1=" " ind2="1" tag="264">
      <marc:subfield code="b">Blanvalet</marc:subfield>
      <marc:subfield code="c">2022</marc:subfield>
   </marc:datafield>
   <marc:datafield ind1="1" ind2=" " tag="520">
      <marc:subfield code="a">Seit Monaten stalkt Oren Starks seine frühere Arbeitskollegin Berry Malone. Jetzt hat er sich Zugang zu ihrem Haus verschafft, wo die Situation völlig eskaliert und er einen Mann niederschießt, der Berry besucht hatte. Er droht, auch Berry zu töten. Doch die Polizei zweifelt an ihrer Glaubwürdigkeit und will ihr nicht helfen. Berrys Mutter sieht keine andere Möglichkeit, ihre Tochter zu schützen, als Berrys Vater um Hilfe zu bitten - den Privatdetektiv Dodge Hanley, der Berry nie kennengelernt hat. Dodge fliegt nach Houston, um seiner Tochter zu helfen - und um Berrys Mutter Caroline endlich wiederzusehen, die er nie vergessen konnte. Eine mörderische Jagd beginnt ...</marc:subfield>
   </marc:datafield>
   <marc:datafield ind1=" " ind2=" " tag="020">
      <marc:subfield code="a">9783734102714</marc:subfield>
      <marc:subfield code="9">9783734102714</marc:subfield>
   </marc:datafield>
</marc:record>
